01207nam a2200385 i 450000100060000000300080000600500170001400800410003102000260007202000290009803500190012704000270014604100080017308200280018124500570020925000190026626400430028530000610032833600260038933700280041533800270044350400510047065000130052165000220053465000100055670000300056670000250059670000290062170000270065070000310067770000260070870000300073470000300076470000270079482423BD-RjUL20231207105109.0231207s2021 nyua 001 0 eng d a1319365485qpaperback a9781319365486qpaperback a(BD-RjUL)82423 aYSHbengerdacBD-RjUL0 aeng00223a‪571.6 bMOL 202110aMolecular cell biology /cHarvey Lodish... [et al.]. aNinth edition. 1aNew York :bMacmillan Learning,c2021. axliii, 1184, I-36 pages :bcolor illustrations ;c28 cm. atextbtxt2rdacontent aunmediatedbn2rdamedia avolumebnc2rdacarrier aIncludes bibliographical references and index. 4aCytology 4aMolecular biology 4aCells1 aLodish, Harvey F.eauthor1 aBerk, Arnoldeauthor1 aKaiser, Chris A.eauthor1 aKrieger, Montyeauthor1 aBretscher, Anthonyeauthor1 aPloegh, Hiddeeauthor1 aMartin, Kelsey C.eauthor1 aYaffe, Michael B.eauthor1 aAmon, Angelikaeauthor